Languid bodies grounded stances : (Record no. 139117)

MARC details
000 -LEADER
fixed length control field 00646nam a22001937a 4500
005 - DATE AND TIME OF LATEST TRANSACTION
control field 20170420170805.0
010 ## - LCCN (DPL NO)
LC control number ENG-117785
020 ## - INTERNATIONAL STANDARD BOOK NUMBER
International Standard Book Number 9789386392411
Terms of availability 975.00
035 ## - SYSTEM CONTROL NUMBER
System control number EN-101317
037 ## - SOURCE OF ACQUISITION
Source of stock number/acquisition DBAD/PUB
082 ## - DEWEY DECIMAL CLASSIFICATION NUMBER
Classification number 793.31954
100 ## - MAIN ENTRY--PERSONAL NAME
Personal name Sikand,Nandini
245 ## - TITLE STATEMENT
Title Languid bodies grounded stances :
Statement of responsibility, etc by Nandini Sikand
Remainder of title the curving pathway of neoclassical odissi dance /
260 ## - PUBLICATION, DISTRIBUTION, ETC. (IMPRINT)
Place of publication, distribution, etc Telangana,India
Name of publisher, distributor, etc Orient Blackswan
Date of publication, distribution, etc 2017
270 ## - ADDRESS
Address 3-6-752 Himayatnagar,Hyderabad
City Telangana,India
Postal code 500029
300 v# - PHYSICAL DESCRIPTION
Extent xiii,234p.:
Dimensions 23cm (Hb)
Other physical details ill.
500 ## - GENERAL NOTE
General note Included index
942 ## - ADDED ENTRY ELEMENTS (KOHA)
Source of classification or shelving scheme Dewey Decimal Classification
Item type English Books
Call number suffix SIK
Classification part 793.31954
Holdings
Withdrawn status Lost status Not for loan Collection code Home library Current library Date acquired Source of acquisition Cost, normal purchase price Full call number Barcode Copy number Cost, replacement price Koha item type
      Non-fiction Shahdara Branch Shahdara Branch 20/04/2017 DBAD/PUB 975.00 793.31954 SIK EN-101317 1 975.00 English Books

© Delhi Public Library
Hit Counter
free hit counter